| 000 | 00740nam a2200181 i 4500 | ||
|---|---|---|---|
| 001 | 46569 | ||
| 003 | ES-MaACL | ||
| 005 | 20230906161417.0 | ||
| 007 | t| | ||
| 008 | 030409s1901 sp ||||1| spa d | ||
| 110 | 2 |
_aInstituto Provincial de Segunda Enseñanza de Vitoria. _9134539 |
|
| 245 | 1 | 0 |
_aInstituto de Segunda Enseñanza de Vitoria _b: memoria del curso de 1899 á 1900 leída en la apertura del de 1900 á 1901 / _cpor Federico Baráibar y Zumárraga. |
| 260 |
_aVitoria : _b[s.n.], _c1901 ( _fImp. de Cecilio Egaña) |
||
| 300 |
_a70, II p. ; _c23 cm. |
||
| 610 | 2 | 4 |
_aInstituto Provincial de Segunda Enseñanza de Vitoria- _xMemorias. _9145013 |
| 700 | 1 |
_aBaráibar y Zumárraga, Federico. _925291 |
|
| 852 |
_aES-MaACL _jT-958-F-9 |
||
| 999 |
_c46569 _d46569 |
||